000 02060nam0a2200433 4500
001 RU\NLR\bibl\1818898
005 20260531054006.0
010 _a978-5-7851-0759-5
_91500
021 _aRU
_b2011-70501
_94997
035 _a(nilc)RSL-KNO-005022875
035 _a(NLR Aleph) 001809465
090 _a1850825
_c1850825
100 _a20110912d2011 |||y0rusy50 ca
101 0 _arus
102 _aRU
105 _aa |||||||||
200 1 _aИрбитская ярмарка
_f[Е. Вершинин, Н. Корепанов, А. Дмитриев, В. Сухих]
210 _aЕкатеринбург
_cБанк культурной информации
_d2011
215 _a190, [2] с., [8] л. ил., цв. ил., портр.
_cпортр.
_d27
225 1 _aКаменный пояс: взгляд сквозь тысячелетия
300 _aАвт. указаны на обл.
320 _aБиблиогр. в примеч. в конце разделов
606 1 _aЯрмарки
_xИстория
_yУрал
_92451444
_3RU\NLR\auth\661457529
607 _aИрбит, город (Свердловская область)
_xИстория
_91206633
_3RU\NLR\auth\66489292
686 _aУ03(2Р36)504.213.0-803.592
_2rubbk
686 _aТ3(2)0-236.19 Ирбитская,02
_2rubbk
686 _aУ42(2)1-803.5
686 _aТ3(2Р-4Св-2И)
701 1 _aВершинин
_bЕ. В.
_f1964-
_gЕвгений Владимирович
_4070
701 1 _4070
_8rus
_7ca
_aКорепанов
_bН. С.
_f1964-
_gНиколай Семенович
_3RU\NLR\auth\7725851
_98896
701 1 _4070
_7ca
_8rus
_aДмитриев
_bА. В.
_cканд. ист. наук, камнесамоцветная пром-сть
_gАлександр Васильевич
_92647958
_3RU\NLR\AUTH\770275991
701 1 _aСухих
_bВ. К.
_gВасилий Константинович
_4070
801 0 _aRU
_bRuMoRKP
_c20110912
_grcr
801 1 _aRU
_bРГБ
_c20110912
801 2 _aRU
_bNLR
_c20111011
_grcr
942 _cBOOK
980 _aNB
980 _aNBR